000 00746nam a22002297a 4500
003 OSt
005 20171020210316.0
008 130819b xxu||||| |||| 00| 0 eng d
020 _a1-8175-3448-2
040 _aLDCLIB
_cLDCLIB
082 _221
_a341.48
_bROB
100 _aRobertson, A.H.
245 _aHuman Rights in the World :
_ban introduction to the study of the international protection of human rights /
_c A.H. Robertson and J.G. Merrills.
250 _a4th ed.
260 _aNew Delhi-India :
_bUniversal law publishing co. pvt.ltd.,
_c2005.
300 _aviii, 355 p. ;
_c22 cm.
500 _aIncludes Index
650 _a Human rights
650 _aHuman rights in the world
700 _a Merrills, J. G.
942 _2ddc
_cBK
999 _c5487
_d5487